<?xml version="1.0" encoding="UTF-8"?>
<resp>
  <nextPage>https://data.bn.org.pl/api/networks/bibs.marcxml?marc=001+b1000002706370&amp;sinceId=1000002706371</nextPage>
  <collection>
    <record xmlns='http://www.loc.gov/MARC21/slim'><leader>02483naa a2200661 i 4500</leader><controlfield tag='001'>b1000002706370</controlfield><controlfield tag='005'>20250226045033.1</controlfield><controlfield tag='008'>221116s2021    pl           |000 0 eng c</controlfield><controlfield tag='009'>9912858444305606</controlfield><datafield ind1=' ' ind2=' ' tag='035'><subfield code='a'>(PL)b1000002706370</subfield></datafield><datafield ind1=' ' ind2=' ' tag='040'><subfield code='a'>WA N</subfield><subfield code='c'>WA N</subfield><subfield code='d'>WA N</subfield></datafield><datafield ind1='0' ind2=' ' tag='041'><subfield code='a'>pol</subfield><subfield code='b'>eng</subfield></datafield><datafield ind1=' ' ind2=' ' tag='046'><subfield code='k'>2021</subfield></datafield><datafield ind1=' ' ind2=' ' tag='080'><subfield code='8'>1.1\x</subfield><subfield code='a'>37(045/046)</subfield></datafield><datafield ind1=' ' ind2=' ' tag='080'><subfield code='8'>1.2\x</subfield><subfield code='a'>004(045/046)</subfield></datafield><datafield ind1='1' ind2=' ' tag='100'><subfield code='a'>Krajewska, Anna</subfield><subfield code='c'>(pedagog)</subfield><subfield code='e'>Autor</subfield></datafield><datafield ind1='1' ind2='0' tag='245'><subfield code='a'>Korzystanie dzieci i młodzieży z nowych technologii :</subfield><subfield code='b'>w kierunku profilaktyki = Use of new technologies by children and youth : towards prevention /</subfield><subfield code='c'>dr Anna Krajewska (Wyższa Szkoła Gospodarki Euroregionalnej im. Alcide De Gasperi w Józefowie).</subfield></datafield><datafield ind1='3' ind2='1' tag='246'><subfield code='a'>Use of new technologies by children and youth :</subfield><subfield code='b'>towards prevention</subfield></datafield><datafield ind1=' ' ind2=' ' tag='260'><subfield code='c'>2021.</subfield></datafield><datafield ind1=' ' ind2=' ' tag='336'><subfield code='a'>Tekst</subfield><subfield code='b'>txt</subfield><subfield code='2'>rdacontent</subfield></datafield><datafield ind1=' ' ind2=' ' tag='337'><subfield code='a'>Bez urządzenia pośredniczącego</subfield><subfield code='b'>n</subfield><subfield code='2'>rdamedia</subfield></datafield><datafield ind1=' ' ind2=' ' tag='338'><subfield code='a'>Wolumin</subfield><subfield code='b'>nc</subfield><subfield code='2'>rdacarrier</subfield></datafield><datafield ind1=' ' ind2=' ' tag='380'><subfield code='a'>Artykuły</subfield></datafield><datafield ind1=' ' ind2=' ' tag='380'><subfield code='a'>Publikacje naukowe</subfield></datafield><datafield ind1='1' ind2=' ' tag='388'><subfield code='a'>2001-</subfield></datafield><datafield ind1=' ' ind2=' ' tag='504'><subfield code='a'>Bibliografia, netografia na stronach 48-49.</subfield></datafield><datafield ind1=' ' ind2=' ' tag='546'><subfield code='a'>Streszczenie w języku angielskim.</subfield></datafield><datafield ind1=' ' ind2='7' tag='648'><subfield code='a'>2001-</subfield><subfield code='2'>DBN</subfield></datafield><datafield ind1=' ' ind2='7' tag='650'><subfield code='a'>Cyberbezpieczeństwo</subfield><subfield code='2'>DBN</subfield></datafield><datafield ind1=' ' ind2='7' tag='650'><subfield code='a'>Dzieci</subfield><subfield code='2'>DBN</subfield></datafield><datafield ind1=' ' ind2='7' tag='650'><subfield code='a'>Wychowanie</subfield><subfield code='2'>DBN</subfield></datafield><datafield ind1=' ' ind2='7' tag='650'><subfield code='a'>Technologie informacyjno-komunikacyjne (ICT)</subfield><subfield code='2'>DBN</subfield></datafield><datafield ind1=' ' ind2='7' tag='650'><subfield code='a'>Edukacja medialna</subfield><subfield code='2'>DBN</subfield></datafield><datafield ind1=' ' ind2='7' tag='650'><subfield code='a'>Internet</subfield><subfield code='2'>DBN</subfield></datafield><datafield ind1=' ' ind2='7' tag='650'><subfield code='a'>Młodzież</subfield><subfield code='2'>DBN</subfield></datafield><datafield ind1=' ' ind2='7' tag='650'><subfield code='a'>Rzeczywistość wirtualna</subfield><subfield code='2'>DBN</subfield></datafield><datafield ind1=' ' ind2='7' tag='650'><subfield code='a'>Rodzice</subfield><subfield code='2'>DBN</subfield></datafield><datafield ind1=' ' ind2='7' tag='655'><subfield code='a'>Artykuł problemowy</subfield><subfield code='2'>DBN</subfield></datafield><datafield ind1=' ' ind2='7' tag='655'><subfield code='a'>Artykuł z pracy zbiorowej</subfield><subfield code='2'>DBN</subfield></datafield><datafield ind1=' ' ind2=' ' tag='658'><subfield code='a'>Edukacja i pedagogika</subfield></datafield><datafield ind1=' ' ind2=' ' tag='658'><subfield code='a'>Informatyka i technologie informacyjne</subfield></datafield><datafield ind1='2' ind2=' ' tag='710'><subfield code='a'>Akademia Nauk Stosowanych WSGE im. A. De Gasperi (Józefów)</subfield><subfield code='4'>oth</subfield></datafield><datafield ind1='0' ind2=' ' tag='773'><subfield code='i'>W:</subfield><subfield code='t'>Bezpieczeństwo w dobie cyfrowej transformacji : aspekty prawne, organizacyjne i społeczne.</subfield><subfield code='g'>s. 40-49</subfield><subfield code='w'>(PL)b1000002366627</subfield></datafield><datafield ind1=' ' ind2=' ' tag='852'><subfield code='b'>48OMNIS_NLOP</subfield><subfield code='8'>991053053627005066</subfield></datafield><datafield ind1=' ' ind2=' ' tag='852'><subfield code='b'>48OMNIS_NETWORK</subfield><subfield code='8'>9912858444305606</subfield></datafield></record>
  </collection>
</resp>
